| 000 | 00350nam a2200097Ia 4500 | ||
|---|---|---|---|
| 082 | _a616.89|SWAT | ||
| 245 | 0 | _aRe-authoring the world : the narrative lens and practices for organisations, communities and individuals | |
| 100 |
_a Swart, Chené Randburg, South Africa, 2013 _947235 |
||
| 942 | _cBK | ||
| 008 | 210817s9999 xx 000 0 und d | ||
| 999 |
_c154593 _d154592 |
||